Acoustic emission application for monitoring bearing defects /
محفوظ في:
| المؤلف الرئيسي: | |
|---|---|
| التنسيق: | أطروحة كتاب |
| اللغة: | English |
| منشور في: |
2007.
|
| الموضوعات: | |
| الوسوم: |
إضافة وسم
لا توجد وسوم, كن أول من يضع وسما على هذه التسجيلة!
|
| LEADER | 01047cam a2200253 a 4500 | ||
|---|---|---|---|
| 001 | u767064 | ||
| 003 | SIRSI | ||
| 005 | 200903131649 | ||
| 008 | 090313s2007 my t 000 0 eng m | ||
| 040 | |a UMM | ||
| 090 | |a TS176 |b UM 2007 Pra | ||
| 100 | 1 | |a Pranoto, Indro. | |
| 245 | 1 | 0 | |a Acoustic emission application for monitoring bearing defects / |c Indro Pranoto. |
| 260 | |c 2007. | ||
| 300 | |a vii, 70 leaves : |b ill. ; |c 30 cm. | ||
| 502 | |a Dissertation (M.Eng. (Manuf.)) -- Jabatan Kejuruteraan Rekabentuk dan Pembuatan, Fakulti Kejuruteraan, Universiti Malaya, 2008. | ||
| 504 | |a Bibliography: leaves 51-54. | ||
| 650 | 0 | |a Acoustic emission. | |
| 650 | 0 | |a Bearings (Machinery) |x Quality control. | |
| 710 | 2 | |a Universiti Malaya. |b Jabatan Kejuruteraan Rekabentuk dan Pembuatan. | |
| 900 | |a ZSA-ZA | ||
| 596 | |a 7 | ||
| 999 | |a TS176 UM 2007 PRA |w LC |c 1 |i A513399007 |d 16/11/2009 |f 16/11/2009 |g 1 |l STACKS |m P07JURUTER |r Y |s Y |t TESIS |u 16/11/2009 | ||
| 999 | |a TS176 UM 2007 PRA |w LC |c 2 |i A513445642 |d 23/4/2010 |f 23/4/2010 |g 1 |l STACKS |m P07JURUTER |r Y |s Y |t TESIS |u 7/4/2010 | ||
